00353nam a2200133 a 45000010010000000030011000100080041000210350026000620820018000881000023001062450028001292600047001576500015002040000-8602ELIB.Books110520 1916  a(ELIB.Books)0000-8748 a252.058 bJow aJowett, John Henry aThe Whole Armous of God bNew York: Fleming H. Revell Company c1916 aHomiletics